| 000 | 00963nam a22002417a 4500 | ||
|---|---|---|---|
| 999 |
_c6831 _d6831 |
||
| 003 | AR-CdUCM | ||
| 008 | 190319b ||||| |||| 00| 0 spa d | ||
| 040 |
_aMUNICIPALIDAD PROVINCIAL DEL CUSCO _cBIBLIOTECA MUNICIPAL DEL CUSCO |
||
| 041 | _heng | ||
| 082 |
_a508 / _bG11 |
||
| 100 |
_aGabriel, Alfons _919250 |
||
| 245 | _aLos desiertos de la tierra y su exploración / | ||
| 260 |
_aMadrid : _bAlhambra, _c1972. |
||
| 300 |
_a188 páginas ; _c20 cm. _bIlustraciones, |
||
| 440 |
_aExedra - Ciencia técnica ingeniería _n76 _919251 |
||
| 500 | _aTitulo original: Die wusten der erde und ihre erforschung | ||
| 505 | _aEsencia y limites del desierto -- El nacimiento de los desiertos -- Fuerzas y formas en el desierto -- Tipos de desiertos -- Desiertos moderados y extremados. Cambiante juego de sus fuerzas ... | ||
| 650 |
_aGeología _917044 |
||
| 650 |
_aDesiertos _919252 |
||
| 700 |
_aRíos, José María _919241 |
||
| 942 |
_2ddc _cLIBROS |
||
| 945 | _aacv | ||